书目信息 |
| 题名: |
健身长跑的奥秘
|
|
| 作者: | 菲克斯 著 ;武真英 译 | |
| 分册: | ||
| 出版信息: | 北京 人民体育出版社 1980 |
|
| 页数: | 73页 | |
| 开本: | 19cm | |
| 丛书名: | ||
| 单 册: | ||
| 中图分类: | G822.3 | |
| 科图分类: | ||
| 主题词: | 长跑 | |
| 电子资源: | ||
| ISBN: | ||
| 000 | 00697nam0 2200241 45 | |
| 001 | 0180001212 | |
| 005 | 20060913103308.01 | |
| 010 | @dCNY0.23 | |
| 091 | @a7015.1882 | |
| 100 | @a19950416d1980 em y0chiy0121 ea | |
| 101 | 1 | @achi@ceng |
| 102 | @aCN@b110000 | |
| 105 | @ay z 000yy | |
| 200 | 10 | @a健身长跑的奥秘@Ajian shen chang pao de ao mi@f(美)詹姆斯·菲克斯著@F(Mei)Zhan Mu Si·Fei Ke Si Zhu@g武真英译 |
| 210 | @a北京@c人民体育出版社@d1980 | |
| 215 | @a73页@d19cm | |
| 606 | @a长跑 | |
| 690 | @aG822.3@v3 | |
| 701 | 1 | @a菲克斯@Afei ke si@4著 |
| 702 | 0 | @a武真英@Awu zhen ying@4译 |
| 801 | 0 | @aCN@b上海图书馆@c20060913 |
| 801 | 2 | @aCN@bNLC@c20060804 |
| 905 | @dG822.3@e77@f1@b54951 | |
| 健身长跑的奥秘/(美)詹姆斯·菲克斯著/武真英译.-北京:人民体育出版社,1980 |
| 73页;19cm |
| ISBN :CNY0.23 |
| ● |
| 相关链接 |
|
|
|
|
正题名:健身长跑的奥秘
索取号:G822.3/77
 
预约/预借
| 序号 | 登录号 | 条形码 | 馆藏地/架位号 | 状态 | 备注 |
| 1 | 0054951 | 001946425 | 密集书库/ [索取号:G822.3/77] | 在馆 | |
| 2 | 0054952 | 000996444 | 第一样本阅览室/ [索取号:G822.3/77] | 在馆 | |
| 3 | 0054953 | 000996373 | 密集书库/ [索取号:G822.3/77] | 在馆 | |
| 4 | 0054954 | 000996382 | 密集书库/ [索取号:G822.3/77] | 在馆 | |
| 5 | 0054955 | 000996391 | 密集书库/ [索取号:G822.3/77] | 在馆 | |
| 6 | 0447034 | 204470349 | 密集书库/ [索取号:G822.3/77] | 在馆 | |
| 7 | 0471838 | 204718387 | 密集书库/ [索取号:G822.3/77] | 在馆 |